Städteraten - Türkei - Statistiken

Allgemein
  • Dieses Quiz wurde 336 mal gespielt
  • Das Durchschnittsergebnis liegt bei 8 aus 15
Antwortstatistiken
Hint Antwort % Korrekt
Hauptstadt der Türkei Ankara
100%
Metropole auf zwei Kontinenten Istanbul
99%
Beliebtes Urlaubsziel zwischen Kemer und Side Antalya
93%
Türkische Metropole an der Ägäis Izmir
84%
Östlichste große Hafenstadt der Türkei Trabzon
56%
Sultan Mehmed I ist hier begraben Bursa
54%
Kurdische Stadt, hieß im Altertum Amida Diyarbakir
47%
Am Fuße des Vulkanes Erciyes in Kappadokien Kayseri
45%
Von Hethitern gegründete Millionenstadt Adana
43%
Größte Stadt an den Dardanellen Canakkale
42%
Westlichste Großstadt der Türkei Edirne
40%
Das antike Halikarnassos Bodrum
21%
Hier ist die Yakutiye-Medrese Erzurum
18%
Nachfolgesiedlung von Ephesos Selcuk
7%
Beinhaltet die antike Stätte Sebastopolis Tokat
7%
Keine übereinstimmenden Quizze gefunden
Verteilung der Resultate
Anzahl Personen mit jedem Resultat
Perzentil nach korrekt beantworteten Fragen
Ihre Resultats-Entwicklung
Sie haben dieses Quiz noch nicht gespielt